000 01049nam a22002177a 4500
003 OSt
005 20260312075346.0
008 260312b |||||||| |||| 00| 0 eng d
020 _a0-06-447105-5
040 _aDWCL GS lib
_cOC
082 _aL585p 1979
100 _aLEWIS, C.S.
245 _aPrince Caspian: the return to Narnia
_cC.S. LEWIS
260 _aUSA
_bHarper Trophy
_c1979
300 _a238 p
_c17cm
520 _aOne year after their previous adventure, the Pevensie children (Georgie Henley, Skandar Keynes, William Moseley, Anna Popplewell) return to the magical land of Narnia and find that 1300 years have passed there. War has come to Narnia once again, and the children join forces with Prince Caspian (Ben Barnes) to overthrow the evil King Miraz and restore peace to the land.
650 _at is a story of rebellion, faith, and the restoration of the "Old Narnia".
650 _amaintaining faith, courage, and hope during dark times, even when help seems absent or delayed.
700 _aC.S. LEWIS
942 _2ddc
_cFIC.
_n0
999 _c9056
_d9056